000 00541nam a22001937a 4500
999 _c524866
_d524866
003 NUST
005 20190627091727.0
008 190627b ||||| |||| 00| 0 eng d
038 _aWaseem
082 _a891.421
_bSID
100 _aSiddiqui, Adal
_915662
245 _aBand Akhiyan Vich Manzar /
_cAdal Siddiqui
260 _aLahore :
_bPunjabi Foundation,
_c2001.
300 _a160 p. ;
500 _aHardcover.
880 _6100-01\r
_aعادل صدیقی
880 _6245-02\r
_aبند اکھیاں وچ منظر /
942 _2ddc
_cBK